Statistiken für Mannschaften gegen die Cacau getroffen hat

Klicken Sie hier um das Quiz zu spielen!

Allgemein

  • Dieses Quiz wurde 47 mal gespielt
  • Das Durchschnittsergebnis liegt bei 21 aus 38

Antwortstatistiken

ToreMannschaften% Korrekt
2Borussia Dortmund
100%
7Hertha BSC
100%
2Hamburger SV
98%
7Bayer Leverkusen
95%
6Werder Bremen
93%
61.FC Nürnberg
88%
2VfL Wolfsburg
88%
5FC Schalke 04
86%
31.FC Kaiserslautern
84%
71.FC Köln
84%
2Bayern München
84%
8VfL Bochum
84%
4Borussia M'Gladbach
81%
5FSV Mainz 05
81%
5Eintracht Frankfurt
79%
1FSV Frankfurt
79%
5TSG Hoffenheim
79%
2Hannover 96
77%
3Hansa Rostock
72%
2VfB Stuttgart
72%
6Arminia Bielefeld
67%
1Karlsruher SC
58%
2Energie Cottbus
56%
2Alemania Aachen
51%
1MSV Duisburg
51%
1FC Barcelona
28%
1RW Oberhausen
12%
3Babelsberg 03
9%
1Chemnitzer FC
9%
1VfB Lübeck
9%
1Benfica
5%
1Glasgow Rangers
2%
1Young Boys Bern
2%
2Fortuna Köln
0%
2KSK Beveren
0%
1Sonnenhof Großaspach
0%
1TuS Mayen
0%
4Újpest FC
0%

Verteilung der Resultate

Perzentil nach korrekt beantworteten Fragen

Anzahl Personen mit jedem Resultat

Ihre Resultats-Entwicklung

Sie haben dieses Quiz noch nicht gespielt